Statistics for Rainbow six siege memes

Click here to take the quiz!

General Stats

  • This quiz has been taken 279 times
    (275 since last reset)
  • The average score is 11 of 15

Answer Stats

MemesAnswer% Correct
Pass those plates aroundRook
91%
Still crys for missing acogJager
89%
I lay traps in the most stupidest placeKapkan
89%
I am the LordTachanka
88%
I kill five people one of them is the hostageFuze
86%
someone is calling uDokkaebi
82%
I tell my team mates where the traps are but they still get damn killedIQ
82%
I have the best drone still it gets damaged by doorsTwitch
82%
Magic mirror on the wall who is the something of them allMira
81%
Fookin laser sightsThatcher
79%
Doc stopped me of thinking I was taking drugsBandit
61%
U know what there only one thing left cargo shortsLesion
59%
Do I have time to use the bathroomBlitz
56%
I steal amo from tachankaEla
47%
Thickest of them allMontagne
43%

Score Distribution

Percentile by Number Answered

Percent of People with Each Score

Your Score History

You have not taken this quiz since the last reset